000 00384nam a22001337a 4500
008 210811b ||||| |||| 00| 0 eng d
082 _aPOL.SCI CAP NO.156
100 _aYangki, Sonam
245 _aImpact of social capital on youth employment in Bhutan
260 _aThimphu :
_bRoyal Thimphu College,
_c2021.
300 _aiii, 40 p.
_c30 cm.
650 _astudent work
942 _2ddc
999 _c8827
_d8828